BTS All MVs - Statistics

General Stats
  • This quiz has been taken 240 times
  • The average score is 39 of 65
Answer Stats
Album Music Video % Correct
O!RUL8,2? N.O
97%
2 Cool 4 Skool No More Dream
92%
Skool Luv Affair Boy in Luv
91%
Dark and Wild Danger
91%
The Most Beautiful Moment in Life pt 2 Run
90%
Map of the Soul: Persona Boy With Luv
89%
Wings Blood, Sweat and Tears
86%
Map of the Soul: 7 ON
86%
n/a (newest single as of July 2021) Butter
85%
BE Dynamite
84%
Love Yourself: Tear FAKE LOVE
84%
Map of the Soul: 7 Outro: Ego
84%
You Never Walk Alone Spring Day
84%
Love Yourself: Her DNA
82%
Dark and Wild War of Hormone
81%
2 Cool 4 Skool We Are Bulletproof pt 2
81%
Map of the Soul: 7 Black Swan
80%
Love Yourself: Answer IDOL
80%
The Most Beautiful Moment in Life pt 1 I Need U
80%
The Most Beautiful Moment in Life: Young Forever Fire (Burning Up)
77%
BE Life Goes On
76%
The Most Beautiful Moment in Life: Young Forever Save ME
76%
The Most Beautiful Moment in Life: Young Forever Epilogue: Young Forever
75%
Skool Luv Affair Just One Day
75%
The Most Beautiful Moment in Life pt 1 Dope
73%
You Never Walk Alone Not Today
73%
Love Yourself: Answer Euphoria
72%
Agust D Agust D
71%
Wings Lie
71%
Love Yourself: Her Mic Drop
71%
Hope World Airplane
69%
D-2 Daechwita
68%
Map of the Soul: Persona Intro: Persona
68%
Love Yourself: Her Serendipity
65%
Wings Begin
63%
Love Yourself: Tear Singularity
62%
Love Yourself: Answer Epiphany
59%
Wings MAMA
59%
Wings Stigma
59%
Wings Awake
58%
Wings Boy Meets Evil
58%
Hope World Daydream
58%
Map of the Soul: Persona Make it Right
57%
Love Yourself: Tear Airplane pt 2
56%
Map of the Soul: The Journey Stay Gold
55%
Wings First Love
53%
Map of the Soul: 7 Interlude: Shadow
53%
Map of the Soul: The Journey Lights
51%
BTS, The Best Film out
49%
Wings Reflection
49%
BTS World Official Soundtrack Heartbeat
45%
Map of the Soul: 7 We are Bulletproof: the Eternal
45%
unofficial song (Taehyung) Winter Bear
43%
unofficial song (Hoseok) Chicken Noodle Soup
41%
Youth FOR YOU
38%
Agust D give it to me
37%
RM Do You
28%
RM Joke
19%
RM Change
15%
RM Monster
8%
unofficial song Beautiful
6%
unofficial song Graduation Song
6%
RM Awakening
4%
unofficial song Adult Child
3%
unofficial song School of Tears
3%
No matching quizzes found
Score Distribution
Percent of People with Each Score
Percentile by Number Answered
Your Score History
You have not taken this quiz